<?xml version="1.0" encoding="UTF-8"?>
<record
    xmlns:xsi="http://www.w3.org/2001/XMLSchema-instance"
    xsi:schemaLocation="http://www.loc.gov/MARC21/slim http://www.loc.gov/standards/marcxml/schema/MARC21slim.xsd"
    xmlns="http://www.loc.gov/MARC21/slim">

  <leader>02117agaaa2200337   4500</leader>
  <controlfield tag="001">7126</controlfield>
  <controlfield tag="003">IT-RoPAU</controlfield>
  <controlfield tag="005">20220918181228.0</controlfield>
  <controlfield tag="007">d cvaizq</controlfield>
  <controlfield tag="008">50131s9999||||xx ||| |     ||   ||und||</controlfield>
  <datafield tag="040" ind1=" " ind2=" ">
    <subfield code="a">IT-RoPAU</subfield>
    <subfield code="c">IT-RoPAU</subfield>
  </datafield>
  <datafield tag="041" ind1=" " ind2=" ">
    <subfield code="a">ITALIANO</subfield>
  </datafield>
  <datafield tag="100" ind1=" " ind2=" ">
    <subfield code="a">Szabo' Istvan</subfield>
    <subfield code="g">Codice regista SPICS: 1650</subfield>
    <subfield code="9">39480</subfield>
  </datafield>
  <datafield tag="130" ind1=" " ind2=" ">
    <subfield code="a">DIVA JULIA (LA)</subfield>
    <subfield code="9">39481</subfield>
  </datafield>
  <datafield tag="240" ind1=" " ind2=" ">
    <subfield code="a">BEING JULIA</subfield>
    <subfield code="g">T3657</subfield>
  </datafield>
  <datafield tag="245" ind1=" " ind2=" ">
    <subfield code="a">DIVA JULIA (LA)</subfield>
    <subfield code="c">Prodotto da: Lantos Robert -- Sceneggiatura: Harwood Roland -- Diretto da: Szabo' Istvan</subfield>
    <subfield code="p">DIVA JULIA (LA) (Rif. Codice opera principale : H7126)</subfield>
  </datafield>
  <datafield tag="246" ind1=" " ind2=" ">
    <subfield code="a">BEING JULIA</subfield>
  </datafield>
  <datafield tag="250" ind1=" " ind2=" ">
    <subfield code="a">Edizione Standard</subfield>
  </datafield>
  <datafield tag="260" ind1=" " ind2=" ">
    <subfield code="a">(CANADA - USA - UK)</subfield>
    <subfield code="b">SERENDIPITY POINT FILM - FIRST CHOICE FIL / Distribuzione: MESSAGGERIE MUSICALI</subfield>
    <subfield code="g">"2004 (1&#xB0; ed.: 2007 ; Ed. Lingua Orig.: 2004)"</subfield>
  </datafield>
  <datafield tag="300" ind1=" " ind2=" ">
    <subfield code="a">DVD</subfield>
    <subfield code="b">sonoro, col.</subfield>
    <subfield code="c">105 minuti</subfield>
  </datafield>
  <datafield tag="508" ind1=" " ind2=" ">
    <subfield code="a">"Fotografia: Koltai Lajos; Montaggio: Shipton Susan; Musica: Danna Michael; Sceneggiatura: Harwood Roland; Scenografia: Arrighi Luciana; "</subfield>
  </datafield>
  <datafield tag="511" ind1=" " ind2=" ">
    <subfield code="a">"Bening Annette; Irons Jeremy; Greenwood Bruce; Margolyes Miriam; Stevenson Juliet"</subfield>
  </datafield>
  <datafield tag="520" ind1=" " ind2=" ">
    <subfield code="a">"NELLA LONDRA ANNI TRENTA, JULIA LAMBERT E' UNA DIVA DEL PALCOSCENICO AL CULMINE DELLA CARRIERA. SI INNAMORA DI TOM, UN RAGAZZO AMERICANO, CON IL QUALE INIZIA UNA RELAZIONE INTENSA E APPASSIONATA. QUANDO SCOPRE CHE IN REALTA'LUI LE SI E' AVVICINATO SOLO PER TENTARE L'ARRAMPICATA SOCIALE, E CHE E' INNAMORATO DELLA GIOVANE ATTRICE AVICE CRICHTON, LA GELOSIA LA PORTA AD ELABORARE UN PIANO DI SPIETATA VENDETTA. CONTENUTI EXTRA: MAKING OF; INTERVISTEAL CAST; SCENE TAGLIATE; RIPRESE SUL SET; TRAILER E SPOT. GOLDEN GLOBE 2005 AD ANNETTE BENING COME MIGLIORE ATTRICE PROTAGONISTA. GELOSIA; RECITAZIONE; TEATRO."</subfield>
  </datafield>
  <datafield tag="538" ind1=" " ind2=" ">
    <subfield code="a">PAL, STEREO</subfield>
  </datafield>
  <datafield tag="546" ind1=" " ind2=" ">
    <subfield code="a">ITALIANO</subfield>
  </datafield>
  <datafield tag="650" ind1=" " ind2=" ">
    <subfield code="a">COMMEDIA</subfield>
    <subfield code="e">DVD-FILM [DVD]</subfield>
    <subfield code="x">Codice MATERIA SPICS: 9947</subfield>
    <subfield code="9">36668</subfield>
  </datafield>
  <datafield tag="700" ind1=" " ind2=" ">
    <subfield code="a">Danna Michael</subfield>
    <subfield code="e">(musica)</subfield>
    <subfield code="g">Codice Musica SPICS: 48264</subfield>
    <subfield code="9">39482</subfield>
  </datafield>
  <datafield tag="700" ind1=" " ind2=" ">
    <subfield code="a">Maugham Somerset </subfield>
    <subfield code="e">(soggetto)</subfield>
    <subfield code="g">Codice Soggetto SPICS: 17457</subfield>
    <subfield code="9">39483</subfield>
  </datafield>
  <datafield tag="700" ind1=" " ind2=" ">
    <subfield code="a">Szabo' Istvan </subfield>
    <subfield code="e">(regista)</subfield>
    <subfield code="g">Codice regista SPICS: 1650</subfield>
    <subfield code="9">39484</subfield>
  </datafield>
  <datafield tag="942" ind1=" " ind2=" ">
    <subfield code="c">DV</subfield>
    <subfield code="2">ddc</subfield>
  </datafield>
  <datafield tag="999" ind1=" " ind2=" ">
    <subfield code="c">105102</subfield>
    <subfield code="d">105102</subfield>
  </datafield>
  <datafield tag="952" ind1=" " ind2=" ">
    <subfield code="0">0</subfield>
    <subfield code="1">0</subfield>
    <subfield code="4">0</subfield>
    <subfield code="6">H_7126_000000000000000</subfield>
    <subfield code="7">1</subfield>
    <subfield code="a">SPICS</subfield>
    <subfield code="b">SPICS</subfield>
    <subfield code="d">2015-01-31</subfield>
    <subfield code="l">0</subfield>
    <subfield code="o">H7126</subfield>
    <subfield code="r">2015-01-31 00:00:00</subfield>
    <subfield code="w">2015-01-31</subfield>
    <subfield code="y">DV</subfield>
    <subfield code="z">Progr. Ins.: 3519 / N.Vol.:1 / Copie: 1 / Pag.:0 / Copia rara: n.d. / date import: 1.2.2015 / By Epidotti, Trombetti, Vaglietti</subfield>
  </datafield>
</record>
